| 000 | 01139cam a2200325 a 4500 | ||
|---|---|---|---|
| 001 | 13651 | ||
| 003 | BD-RjUL | ||
| 005 | 20211208235505.0 | ||
| 008 | 140201r20111997ii b 001 0 eng | ||
| 020 | _a0195639448 | ||
| 020 | _a9780195644425 | ||
| 020 | _a0195644425 | ||
| 035 | _a(BD-RjUL)13703 | ||
| 040 |
_aDLC _cDLC _dDLC _dBD-RjUL _beng |
||
| 041 | _aeng | ||
| 082 | 0 | 0 |
_a320.540954 _221 _bNAT 2011 |
| 245 | 0 | 0 |
_aNationalism, democracy, and development : _bstate and politics in India / _cedited by Sugata Bose, Ayesha Jalal. |
| 260 |
_aDelhi ; _aNew York : _bOxford University Press, _c1997 [reprinted 2011]. |
||
| 300 |
_a206 p. ; _c22 cm. |
||
| 504 | _aIncludes bibliographical references and index. | ||
| 520 | _aContributed essays. | ||
| 650 | 0 |
_aNationalism _zIndia. _942724 |
|
| 650 | 0 |
_aDemocracy _zIndia. _942725 |
|
| 651 | 0 |
_aIndia _xPolitics and government _y20th century. _96441 |
|
| 700 | 1 |
_aBose, Sugata., ed. _942726 |
|
| 700 | 1 |
_aJalal, Ayesha., ed. _942727 |
|
| 856 | 4 | 2 |
_3Publisher description _uhttp://www.loc.gov/catdir/enhancements/fy0638/96912042-d.html |
| 942 |
_2ddc _cBK |
||
| 999 |
_c13651 _d13651 |
||